Planning Advice Note No.76 (Record no. 105816)
[ view plain ]
| 000 -LEADER | |
|---|---|
| fixed length control field | 01251cam a2200229 4500 |
| 001 - CONTROL NUMBER | |
| control field | ##E134843 |
| 008 - FIXED-LENGTH DATA ELEMENTS--GENERAL INFORMATION | |
| fixed length control field | 111024s2005 000 0 eng u |
| 020 ## - INTERNATIONAL STANDARD BOOK NUMBER | |
| International Standard Book Number | 0755948793 |
| 035 ## - SYSTEM CONTROL NUMBER | |
| System control number | (Sirsi) u134843 |
| 041 0# - LANGUAGE CODE | |
| Language code of text/sound track or separate title | eng |
| 050 04 - LIBRARY OF CONGRESS CALL NUMBER | |
| Classification number | 711.1 |
| -- | 18 |
| 110 2# - MAIN ENTRY--CORPORATE NAME | |
| Corporate name or jurisdiction name as entry element | Scottish Executive Development Department |
| 9 (RLIN) | 3786 |
| 245 00 - TITLE STATEMENT | |
| Title | Planning Advice Note No.76 |
| Remainder of title | new residential streets |
| 260 ## - PUBLICATION, DISTRIBUTION, ETC. | |
| Place of publication, distribution, etc. | Edinburgh |
| Name of publisher, distributor, etc. | Scottish Executive Development Department |
| Date of publication, distribution, etc. | 2005 |
| 300 ## - PHYSICAL DESCRIPTION | |
| Extent | 24p. |
| Other physical details | ill. |
| Dimensions | 30cm. |
| 490 #0 - SERIES STATEMENT | |
| Series statement | Planning Advice Note |
| Volume/sequential designation | (76) |
| 520 ## - SUMMARY, ETC. | |
| Summary, etc. | PAN 76 provides advice on better quality and design of residential streets due to the growing concern that many housing layouts have been dominated by requirements of road design. Focuses on various key factors which will aid in creating better quality, more attractive and safer residential environments. Includes clarification of the roles and responsibilities of those involved in the process and 5 case studies exemplifying good practice. |
| 651 #4 - SUBJECT ADDED ENTRY--GEOGRAPHIC NAME | |
| Geographic name | Scotland |
| Chronological subdivision | 1999- |
| 690 ## - LOCAL SUBJECT ADDED ENTRY--TOPICAL TERM (OCLC, RLIN) | |
| Topical term or geographic name as entry element | ENVIRONMENTAL AND LAND CONSULTANCY-PLANNING AND DEVELOPMENT-PLANNING GUIDANCE |
| 856 40 - ELECTRONIC LOCATION AND ACCESS | |
| Uniform Resource Identifier | <a href="https://scotland.gov.uk/Resource/Doc/76169/0019017.pdf">https://scotland.gov.uk/Resource/Doc/76169/0019017.pdf</a> |
| Hours access method available | View PAN 76 free of charge at http://scotland.gov.uk |
| 942 ## - ADDED ENTRY ELEMENTS (KOHA) | |
| Suppress in OPAC | 0 |
| Withdrawn status | Lost status | Source of classification or shelving scheme | Damaged status | Not for loan | Home library | Current library | Shelving location | Date acquired | Total Checkouts | Full call number | Barcode | Date last seen | Copy number | Price effective from | Koha item type |
|---|---|---|---|---|---|---|---|---|---|---|---|---|---|---|---|
| Dewey Decimal Classification | Virtual | Virtual | Online | 06/09/2006 | ONLINE PUBLICATION | 134843-2001 | 06/08/2019 | 1 | 06/08/2019 | Book |